00537cam a2200157 a 4500020001500000020002200015040000800037082002600045245006800071260013400139300003300273650002000306650002000326650001100346700002200357 a9024734975 a9024734983 (pbk.) cDLC00a581 NIJ 1987 A080 Or.00aPlant hormones and their role in plant growth and development / aDordrecht ;aBoston :bM. Nijhoff ;aHingham, MA, USA :bDistributors for the U.S. and Canada, Kluwer Academic Publishers,c1987. avi, 681 p. :bill. ;c25 cm. 0aPlant hormones. 0aGrowth (Plants) 0aPlants1 aDavies, Peter J.,